Es la guerra! : los superricos contra el resto del mundo : sus armas son las inyecciones de veneno, la escasez de energía, la hiperinflación, la dictadura climática y los apagones /

Bibliographic Details
Main Author: Morris, Michael, 1966- (Author)
Other Authors: Eisenblätter, Jörg K. (Translator)
Format: Electronic eBook
Language:Spanish
German
Published: Córdoba : Los Libros de la Frontera, 2022.
Subjects:
Online Access:Digitalia Hispánica

MARC

LEADER 00000nam a2200000 i 4500
001 DIGLIDFRO0084
003 NyNyDIG
007 cr |||||||||||
008 231101s2022 sp a o 000 0 spa d
006 m o d
035 |a (OCoLC)1409626477 
040 |a DGITA  |b eng  |e rda  |e pn  |c DGITA 
020 |z 9788482552408 
041 1 |a spa  |h ger 
050 1 4 |a RA649 ebook 
100 1 |a Morris, Michael,  |d 1966-  |e author. 
240 1 0 |a Es ist Krieg.  |l Spanish  |s (Eisenblätter) 
245 1 0 |a Es la guerra! :  |b los superricos contra el resto del mundo : sus armas son las inyecciones de veneno, la escasez de energía, la hiperinflación, la dictadura climática y los apagones /  |c Michael Morris ; traducción, Jörg K. Eisenblätter. 
264 1 |a Córdoba :  |b Los Libros de la Frontera,  |c 2022. 
300 |a 1 online resource :  |b illustrations. 
336 |a text  |b txt  |2 rdacontent 
337 |a computer  |b c  |2 rdamedia 
338 |a online resource  |b cr  |2 rdacarrier 
347 |a text file  |2 rdaft 
347 |b PDF 
504 |a Includes bibliographical references. 
588 0 |a Online resource; title from PDF title page (Digitalia, viewed November 1, 2023) 
650 0 |a COVID-19 Pandemic, 2020- 
650 0 |a COVID-19 Pandemic, 2020-  |x Social aspects. 
650 0 |a Conspiracy theories. 
700 1 |a Eisenblätter, Jörg K.,  |e translator. 
700 1 |i Translation of:  |a Morris, Michael,  |d 1966-  |t Es ist Krieg. 
791 2 |a Digitalia (Firm),  |e distributor. 
793 0 |g Digitalia eBook Collection:  |a Libros de la Frontera 
776 0 8 |i Print version:  |a Morris, Michael, 1966-  |s Es ist Krieg. Spanish (Eisenblätter).  |t Es la guerra!.  |b Primera edición.  |d Córdoba : Los Libros de la Frontera, [2022]  |z 9788482552408 
856 4 0 |3 Digitalia Hispánica  |u https://www.digitaliapublishing.com/a/126592/ 
910 |a Premium collection: 2023